000 00346nam a2200133Ia 4500
008 220204s9999 xx 000 0 und d
082 _a654.191
_bNIS
100 _aNisbett, Alec
245 0 _aTechnique of the sound studio for radio, television and film
250 _aEd.3
260 _aLondon
_bFocal
_c1974
505 _aset price
942 _cBK
999 _c36190
_d36190